LEADER 06762nam 2200829 450 001 9910137393903321 005 20221206175837.0 010 $a3-11-043866-6 024 7 $a10.1515/9783110438666 035 $a(CKB)3710000000553299 035 $a(SSID)ssj0001666206 035 $a(PQKBManifestationID)16455504 035 $a(PQKBTitleCode)TC0001666206 035 $a(PQKBWorkID)15000710 035 $a(PQKB)10976346 035 $a(MiAaPQ)EBC4332907 035 $a(WaSeSS)IndRDA00056073 035 $a(DE-B1597)452861 035 $a(OCoLC)979882986 035 $a(OCoLC)980291755 035 $a(OCoLC)992454140 035 $a(DE-B1597)9783110438666 035 $a(Au-PeEL)EBL4332907 035 $a(CaPaEBR)ebr11140011 035 $a(OCoLC)939265181 035 $a(EXLCZ)993710000000553299 100 $a20170502h20152015 uy| 0 101 0 $aeng 135 $aurcnu|||||||| 181 $ctxt 182 $cc 183 $acr 200 00$aBiological invasions in changing ecosystems $evectors, ecological impacts, management and predictions /$fJoa?o Canning-Clode (ed.) ; managing editor, Katarzyna Michalczyk ; associate editor, Anssi Vainikka ; language editor, Blake Turner 210 1$aWarsaw :$cDe Gruyter Open,$d[2015] 210 4$d©2015 215 $a1 online resource (488 pages) $cillustrations (some colour), maps 300 $aBibliographic Level Mode of Issuance: Monograph 311 $a3-11-043865-8 320 $aIncludes bibliographical references and index. 327 $tFront matter --$tContents --$tPreface --$tList of Contributors --$tGeneral Introduction - Aquatic and Terrestrial Biological Invasions in the 21st Century /$rCanning-Clode, João --$tPart I. Biogeography and Vectors of Biological Invasions --$tSummary of Part I /$rCanning-Clode, João / Paiva, Filipa --$t1. Anthropogenic Vectors of Marine and Estuarine Invasions: an Overview Framework /$rCarlton, James T. / Ruiz, Gregory M. --$t2. The Biogeography of Avian Invasions: History, Accident and Market Trade /$rCassey, Phillip / Vall-Llosera, Miquel / Dyer, Ellie / Blackburn, Tim M. --$t3. Vectors for Spread of Invasive Freshwater Vascular Plants with a North American Analysis /$rSytsma, Mark D. / Pennington, Toni --$t4. Invasions of Terrestrial Arthropods: Mechanisms, Pathways, and Dynamics /$rRoderick, George K. / Navajas, Maria --$t5. Vectors of Invasions in Freshwater Invertebrates and Fishes /$rFuller, Pam L. --$t6. Contribution of the Live Animal Trade to Biological Invasions /$rRomagosa, Christina M. --$tPart II. Biological Invasions in Aquatic Ecosystems and in Host Parasite Systems --$tSummary of Part II /$rCanning-Clode, João / Paiva, Filipa --$t7. Parasites and Genetics in Marine Invertebrate Introductions: Signatures of Diversity Declines across Systems /$rBlakeslee, April --$t8. Invasive Crayfish and Their Invasive Diseases in Europe with the Focus on the Virulence Evolution of the Crayfish Plague /$rJussila, Japo / Vrezec, Al / Makkonen, Jenny / Kortet, Raine / Kokko, Harri --$t9. Host Dynamics and Ectoparasite Life Histories of Invasive And Non-Invasive Deer Ked Populations /$rHärkönen, Laura / Kaitala, Arja --$t10. The Pacific Oyster (Crassostrea gigas) Invasion in Scandinavian Coastal Waters: Impact on Local Ecosystem Services /$rLaugen, Ane T. / Hollander, Johan / Obst, Matthias / Strand, Åsa --$t11. Invasive Seaweeds: Impacts and Management Actions /$rPetrocelli, Antonella / Cecere, Ester --$tPart III. Management and Control of Biological Invasions --$tSummary of Part III /$rCanning-Clode, João / Paiva, Filipa --$t12. Fighting Invasions in the Marine Realm, a Case Study with Caulerpa webbiana in the Azores /$rCardigos, Frederico / Monteiro, João / Fontes, Jorge / Parretti, Paola / Serrão Santos, Ricardo --$t13. Reducing the Ecological Impact of Invasive Cane Toads /$rShine, Richard --$t14. Pine Invasions in South America: Reducing Their Ecological Impacts Through Active Management /$rPauchard, Aníbal / García, Rafael / Zalba, Sergio / Sarasola, Mauro / Zenni, Rafael / Ziller, Silvia / Nuñez, Martín A. --$t15 Implications of Ship Type on Delivery and Management of Ballast Water /$rMinton, Mark S. / Whitman Miller, A. / Ruiz, Gregory M. --$tPart IV. Predictions and New Tools in Biological Invasions --$tSummary of Part IV /$rCanning-Clode, João / Paiva, Filipa --$t16. Will Alien Plant Invaders Be Advantaged Under Future Climates? /$rLeishman, Michelle R. / Gallagher, Rachael V. --$t17. Anticipating Invasions and Managing Impacts: A Review of Recent Spatiotemporal Modelling Approaches /$rSantos, Mário / Bastos, Rita / Vicente, Joana / Berger, Uta / Silveira Soares Filho, Britaldo / Rodrigues, Hermann / Alonso, Joaquim / Guerra, Carlos / Martins, João / Honrado, João / Cabral, João Alexandre --$t18. Applications of DNA-based Methods for the Study of Biological Invasions /$rViard, Frédérique / Comtet, Thierry --$t19. Assembly Rules and Novel Assemblages in Aquatic Ecosystems /$rLight, Theo / Moyle, Peter --$tList of Figures --$tList of Tables --$tIndex 330 $aWhen organisms are deliberately or accidentally introduced into a new ecosystem a biological invasion may take place. These so-called 'invasive species' may establish, spread and ecologically alter the invaded community. Biological invasions by animals, plants, pathogens or vectors are one of the greatest environmental and economic threats and, along with habitat destruction, a leading cause of global biodiversity loss. In this book, more than 50 worldwide invasion scientists cover our current understanding of biological invasions, its impacts, patterns and mechanisms in both aquatic and terrestrial systems. 606 $aEcological disturbances 606 $aBiological invasions 606 $aIntroduced organisms 610 $aAlien. 610 $aBioinvasions. 610 $aBiological Invasions. 610 $aExotic. 610 $aFreshwater invasive species. 610 $aImpacts of Invasive species. 610 $aIntroduction. 610 $aInvasive. 610 $aMarine invasive species. 610 $aNon-Indigenous Species. 610 $aNon-native. 610 $aTerrestrial invasive species. 610 $aVectors of Introduction. 615 0$aEcological disturbances. 615 0$aBiological invasions. 615 0$aIntroduced organisms. 676 $a577.18 702 $aCanning-Clode$b Joa?o 702 $aMichalczyk$b Katarzyna 702 $aVainikka$b Anssi 702 $aTurner$b Blake 801 0$bMiAaPQ 801 1$bMiAaPQ 801 2$bMiAaPQ 906 $aBOOK 912 $a9910137393903321 996 $aBiological invasions in changing ecosystems$92116451 997 $aUNINA LEADER 03813nam 22006375 450 001 9910743295103321 005 20251116152044.0 010 $a9783839462454 010 $a3839462452 024 7 $a10.1515/9783839462454 035 $a(CKB)27997020700041 035 $a(DE-B1597)627275 035 $a(DE-B1597)9783839462454 035 $a(MiAaPQ)EBC7281612 035 $a(Au-PeEL)EBL7281612 035 $a(OCoLC)1399424912 035 $a(ScCtBLL)64990e90-3a3d-4d69-a50e-92beec81539a 035 $a(Perlego)3455704 035 $a(EXLCZ)9927997020700041 100 $a20231201h20232023 fg 101 0 $ager 135 $aur||||||||||| 181 $ctxt$2rdacontent 182 $cc$2rdamedia 183 $acr$2rdacarrier 200 01$a»Entwicklung« als Paradigma $eReflexionen zu einer nachhaltigen internationalen Zusammenarbeit /$fhrsg. von Patrick Becker, Knut V.M. Wormstädt 205 $a1st ed. 210 1$aBielefeld : $ctranscript Verlag, $d[2023] 210 4$d©2023 215 $a1 online resource (214 p.) 225 0 $aGlobal Studies 311 08$a9783837662450 311 08$a3837662454 327 $tFrontmatter -- $tInhalt -- $tVorwort -- $tDer überfällige Paradigmenwechsel: Von der Krise zur Neubestimmung des Entwicklungsverständnisses -- $tTeil A: Entwicklungsparadigmen gestern und heute -- $tRette sich wer kann? Gedanken zur Suche nach einem neuen Entwicklungsparadigma -- $tEntwicklungspolitik: Geschichte, Kritik und Alternativen -- $tReflecting on the Right to Development from the perspective of global environmental change and the 2030 Agenda for Sustainable Development -- $tEntwicklung oder Befreiung? Ein kritischer Blick auf Entwicklungsparadigmen aus interkulturell-theologischer Perspektive -- $tTeil B: Globale Entwicklungspraxen -- $tWiderstehen durch Re-Existieren: Die kritische Praxis lateinamerikanischer Bewegungen gegen das extraktive Entwicklungsparadigma -- $tEntwickeln oder auswickeln? Von der Notwendigkeit einer gegenseitigen Dekolonisierung unseres Denkens -- $tFür Gott und Nachhaltigkeit: Der Sinnüberschuss von ?Entwicklung? -- $tUnter welchen Bedingungen und Zielsetzungen sind militärische Interventionen sinnvoll? -- $tVerzeichnis der Autorinnen und Autoren 330 $aMit der Moderne hat das Versprechen Einzug gehalten, dass sich die Probleme der Menschheit durch technischen, medizinischen und gesellschaftlichen Fortschritt lösen ließen. Darauf basiert das im Westen bis vor kurzem nahezu unwidersprochene Entwicklungsparadigma. Inzwischen befördern ökologische Probleme und ökonomische Ungleichheiten Kritik, die etwa in der Fridays for Future-Bewegung Ausdruck findet. Die Beiträger*innen hinterfragen das Fortschrittsparadigma, indem sie im interdisziplinären und international-kultursensiblen Diskurs nach einem zeitgemäßen Verständnis von Entwicklungszusammenarbeit fragen und dazu auch Alternativen zum vorherrschenden westlichen Modell in den Blick nehmen. 410 0$aGlobal Studies 606 $aRELIGION / General$2bisacsh 610 $aEthics. 610 $aGlobalization. 610 $aPostcolonialism. 610 $aProgress. 610 $aReligious Studies. 610 $aResearch Paradigm. 610 $aSociology of Development. 610 $aSustainability. 615 7$aRELIGION / General. 676 $a338.927 702 $aBecker$b Patrick$4edt$4http://id.loc.gov/vocabulary/relators/edt 702 $aWormstädt$b Knut V.M., $4edt$4http://id.loc.gov/vocabulary/relators/edt 712 02$a»Stiftung Theologie und Globale Entwicklung«$4fnd$4http://id.loc.gov/vocabulary/relators/fnd 801 0$bDE-B1597 801 1$bDE-B1597 906 $aBOOK 912 $a9910743295103321 996 $a»Entwicklung« als Paradigma$93656555 997 $aUNINA